Pays avec le plus de geysers actifs - Statistiques

Statistiques générales
  • Ce quiz a été pris 30 fois
  • Le résultat moyen est 5 sur 7
Statistiques - réponses
Hint Réponse % Correct
500 geysers Etats-Unis
93%
180 geysers Islande
86%
200 geysers Russie
86%
40 geysers Japon
79%
90 geysers Chili
69%
80 geysers Nouvelle-Zélande
52%
60 geysers Kenya
21%
Aucun quiz correspondant
Distribution des résultats
% des personnes avec chaque résultat
Percentile par nombre de réponses
Votre historique - résultats
Vous n’avez pas pris ce quiz